000 00827cam a2200253 a 4500
001 000019716
005 20200929170119.0
008 760817s1970 sp b 001 f spa d
040 _aDO-SdBNP
_bspa
_cDLC
_dBNPHU
082 _a863.6
_bA996c, 1970
100 1 _aAzorín,
_d1873-1967.
_95278
245 1 4 _aLas confesiones de un pequeño filósofo /
_cAzorín.
250 _a7a ed.
260 _aMadrid :
_bEspasa-Calpe,
_c1970.
300 _a146, [18] p. ;
_c18 cm.
490 1 _aAustral. Anaranjada: biografías y vidas novelescas
_v491
504 _aIncluye referencias bibliográficas
504 _aIncluye índice de autores
650 4 _aNovela española
_91123
650 4 _aLiteratura española
_9632
830 0 _aAustral.
_pAnaranjada: biografías y vidas novelescas;
_v491
_93058
910 _aWM
049 _aBNGR
999 _c19230
_d19230